Statistics for "Least Sticky" US States

Click here to take the quiz!

General Stats

  • This quiz has been taken 16 times
  • The average score is 8 of 10

Answer Stats

HintAnswer% Correct
48.7%Alaska
93%
58.0%Hawaii
93%
57.2%Kansas
87%
55.6%West Virginia
80%
56.9%Delaware
73%
48.6%North Dakota
73%
54.2%South Dakota
73%
45.3%Wyoming
73%
56.5%Vermont
67%
55.2%Rhode Island
60%

Score Distribution

Percentile by Number Answered

Percent of People with Each Score

Your Score History

You have not taken this quiz